| 000 | 00576cam a22001937a 4500 | ||
|---|---|---|---|
| 001 | 001755 | ||
| 003 | armpunfd | ||
| 005 | 20140612090649.0 | ||
| 008 | 100510e0####xx#a##########000#0#und#d | ||
| 040 |
_aarmpunfd _carmpunfd |
||
| 080 | _aIZ 6 | ||
| 100 | 1 | 0 | _a Izquierdo, Valerio Florentino |
| 245 | 1 | 0 | _aLa responsabilidad del estado por errores judiciales |
| 260 |
_a Uenos Aires : La Ley _b1986. Isbn : 950-527-020-8. 77 P. |
||
| 650 | 7 |
_a Error Judicial _2LEMB |
|
| 650 | 7 |
_a Responsabilidad Del Estado _2LEMB |
|
| 942 |
_cLB _2cdu |
||
| 945 |
_aCatalis _d2010-08-19 |
||
| 999 |
_c1746 _d232250 |
||